Pays - Décodeur #1 - Statistiques

Statistiques générales
  • Ce quiz a été pris 182 fois
  • Le résultat moyen est 17 sur 27
Statistiques - réponses
Pays Lettre Indice Réponse % Correct
France France
98%
France F Camembert, Roquefort, Cantal en sont Fromage
95%
France N Son empire chuta à Waterloo Napoléon Bonaparte
88%
France A Chaîne de montagnes européenne Les Alpes
87%
Italie L Langue morte "utile au BAC" Latin
85%
Japon Japon
80%
Japon J Discipline olympique sur un tatami Judo
80%
France E Ingénieur et nom de l'une des merveilles de ma capitale Eiffel
79%
Brésil E Ligne imaginaire à mi-chemin des pôles Equateur
79%
Italie Italie
78%
France R Un des 4 Grand Chelem Roland-Garros
77%
Brésil Brésil
72%
Japon P Créatures à capturer qu'on peut collectionner, joueur ou regarder Pokémon
70%
Japon N Ville frappée par la bombe atomique en 1945 Nagasaki
68%
Italie E Volcan européen actif Etna
66%
Brésil R Ballon d'or 1997 et 2002 Ronaldo
63%
Italie I Footballeur suédois très lié à ce pays Zlatan Ibrahimovic
63%
France C Île voisine de Cagliari Corse
60%
Brésil S Ville la plus peuplée du pays mystère São Paulo
58%
Italie A Mer bordant les Balkans Mer {Adriatique}
54%
Italie T Animal emblème de l'une de mes célèbres marques automobile Taureau
50%
Brésil L Capitale voisine Lima
48%
Brésil B Bonjour en portugais {Bom} {dia}
36%
Japon O Tenniswomen ayant remporté 2 fois le Grand Chelem d'Australie et l'US Open Naomi Osaka
32%
Italie I Circuit de Formule 1 qui a disparu du programme 2026 Imola
24%
Brésil I Plage iconique de ma 2ème plus grande ville Ipanema
21%
Japon A Equipementier sportif fondé en 1949 Asics
18%
Aucun quiz correspondant
Distribution des résultats
% des personnes avec chaque résultat
Percentile par nombre de réponses
Votre historique - résultats
Vous n’avez pas pris ce quiz